000 00413nam a2200157Ia 4500
008 230711s9999||||xx |||||||||||||| ||und||
041 _aENG
082 _a4
_bCO-I
100 _aComer,Douglas E
245 0 _aInternetworking with TCP/IP v1 : principles, protocols and Architecture
250 _a5th . Ed.
260 _c2006
_aNew Delhi
_bPearson
300 _a684
650 _aComputer Engineering
942 _cBK
999 _c4617
_d4617